MARC details
| 000 -CABECERA |
| campo de control de longitud fija |
00966nam a2200241 a 4500 |
| 001 - NÚMERO DE CONTROL |
| campo de control |
000010217 |
| 005 - FECHA Y HORA DE LA ÚLTIMA TRANSACCIÓN |
| campo de control |
20240412074216.0 |
| 008 - DATOS DE LONGITUD FIJA--INFORMACIÓN GENERAL |
| campo de control de longitud fija |
091005s1994 dr 001 p spa d |
| 040 ## - FUENTE DE LA CATALOGACIÓN |
| Centro catalogador/agencia de origen |
DO-SdBNP |
| Lengua de catalogación |
spa |
| Centro/agencia transcriptor |
BNPHU |
| 082 ## - NÚMERO DE LA CLASIFICACIÓN DECIMAL DEWEY |
| Número de clasificación |
RD861.44 |
| Número de documento/Ítem |
H557co |
| 100 ## - ENTRADA PRINCIPAL--NOMBRE DE PERSONA |
| Nombre de persona |
Hernández Rueda, Lupo, |
| Fechas asociadas al nombre |
1930-2017 |
| 9 (RLIN) |
23790 |
| 245 10 - MENCIÓN DE TÍTULO |
| Título |
Como naciendo aún (1953-1993) / |
| Mención de responsabilidad, etc. |
Lupo Hernández Rueda; prólogo Antonio Fernández Spencer. |
| 260 ## - PUBLICACIÓN, DISTRIBUCIÓN, ETC. |
| Lugar de publicación, distribución, etc. |
Santo Domingo : |
| Nombre del editor, distribuidor, etc. |
Departamento de Cultura y Publicaciones, Universidad Interamericana (UNICA), |
| Fecha de publicación, distribución, etc. |
1994. |
| 300 ## - DESCRIPCIÓN FÍSICA |
| Extensión |
368 p. ; |
| Dimensiones |
23 cm. |
| 490 1# - MENCIÓN DE SERIE |
| Mención de serie |
Autores dominicanos contemporáneos |
| Designación de volumen o secuencia |
1 |
| 590 ## - NOTA LOCAL (RLIN) |
| Nota local |
Inventariado, 2018/LP |
| 600 10 - PUNTO DE ACCESO ADICIONAL DE MATERIA--NOMBRE DE PERSONA |
| Nombre de persona |
Hernández Rueda, Lupo, |
| Fechas asociadas al nombre |
1930 -2017 |
| 9 (RLIN) |
25215 |
| 650 #0 - PUNTO DE ACCESO ADICIONAL DE MATERIA--TÉRMINO DE MATERIA |
| Término de materia o nombre geográfico como elemento de entrada |
Poesía dominicana |
| 9 (RLIN) |
66 |
| 650 #0 - PUNTO DE ACCESO ADICIONAL DE MATERIA--TÉRMINO DE MATERIA |
| Término de materia o nombre geográfico como elemento de entrada |
Literatura dominicana. |
| 9 (RLIN) |
67 |
| 700 1# - PUNTO DE ACCESO ADICIONAL--NOMBRE DE PERSONA |
| Nombre de persona |
Fernández Spencer, Antonio, |
| Fechas asociadas al nombre |
1922-1995 |
| Término indicativo de función/relación |
pról. |
| 9 (RLIN) |
22525 |
| 830 #0 - PUNTO DE ACCESO ADICIONAL DE SERIE-TÍTULO UNIFORME |
| Título uniforme |
Autores dominicanos contemporáneos ; |
| Número de parte o sección de la obra |
1 |
| 9 (RLIN) |
25216 |
| 910 ## - DATOS DE OPCIÓN DEL USUARIO (OCLC) |
| Datos de opción del usuario |
Validado. Control de calidad BNPHU |